Economía /
Guardado en:
| Autor Principal: | |
|---|---|
| Otros Autores: | |
| Formato: | Libro |
| Publicado: |
Madrid-buenos Aires :
Mcgraw-hill,
1994
|
| Edición: | 14a. ed. |
| Materias: | |
| Etiquetas: |
Agregar Etiqueta
Sin Etiquetas, Sea el primero en etiquetar este registro!
|
| LEADER | 02683nam a22002055a 4500 | ||
|---|---|---|---|
| 001 | CEM.cems016516 | ||
| 005 | 20110922090819.0 | ||
| 008 | 130507s1994##################000#0#####d | ||
| 003 | CEMS | ||
| 020 | |a 8478101375 | ||
| 082 | 0 | 4 | |a 330 |
| 100 | 1 | |a Samuelson, Paul A | |
| 245 | 1 | 0 | |a Economía / |c Paul A. Samuelson y William D. Nordhaus |
| 250 | |a 14a. ed. | ||
| 260 | |a Madrid-buenos Aires : |b Mcgraw-hill, |c 1994 | ||
| 300 | |a 951 p. | ||
| 505 | 0 | |a Problemas básicos de organización económica -- Los mercados y el Estado en una economía moderna -- Los elementos básicos de la oferta y la demanda -- La microeconomía: la oferta, la demanda y los mercados de productos -- La oferta y la demanda en el mercado -- La demanda y la conducta del consumidor -- La producción y la organización de la empresa -- Análisis de costos --La oferta y la fijación de los precios en los mercados competitivos -- El ingreso marginal y el monopolio -- El ligopolio y la competencia monopolista -- La incertidumbre y los juegos en la conducta económica -- Los salarios, los alquileres y los beneficios, la distribución de la renta -- Las rentas y la fijación de los precios de los factores de producción -- Los salarios y el mercado de trabajo -- Los sindicatos y la negociación colectiva -- La tierra, los recursos naturales y el capital -- La eficiencia, al equidad y el Estado -- Los mercados y la eficiencia económica -- El Estado y la economía -- Los impuestos y el gasto público -- La limitación del poder de mercado, la regulación y la política antimonopolio -- La distribución de la renta y la lucha contra la pobreza -- Aires de cambio, el triunfo del mercado -- Conceptos fundamentales de macroeconomía -- Visión panorámica de la macroeconomía -- Medición dl producto y la renta nacionales -- Consumo y la inversión -- Fundamentos de la oferta y la demanda agregadas -- El modelo del multiplicador -- El dinero y los bancos comerciales -- El banco central y la política monetaria -- La oferta agregada y la política macroeconómica -- El crecimiento económico -- Los ciclos económicos y el desempleo -- El costo de la inflación -- Inflación y desempleo -- La política fiscal, los deficit y la deuda pública -- Cuestiones relacionadas con la estabilización económica -- El comercio internacional y la economía mundial -- El comercio internacional y la teoría de la ventaja comparativa -- El proteccionismo y el libre comercio -- La economía de los paísesen vías de desarrollo -- Los tipos de cambio y el sistema financiero internacional | |
| 653 | |a Economía | ||
| 700 | 1 | |a Nordhaus, William D. | |
| 859 | |a CEMS |b BIB. CEMS - Agricultura |h 330 |i Sa49a14 |p A18256.95 |t Ej.1 | ||
